[Event "Mecklenburg VP-ch Seniors op 09th"]
[Site "Binz"]
[Date "2009.12.04"]
[Round "4.41"]
[White "Wittmann, Georg"]
[Black "Anlauf, Wolfgang"]
[Result "1-0"]
[WhiteElo "1809"]
[BlackElo "1514"]
[PlyCount "119"]
[EventDate "2009.12.01"]
[EventType "swiss"]
[EventRounds "9"]
[EventCountry "GER"]
[SourceTitle "EXT 2022"]
[Source "ChessBase"]
[SourceDate "2021.10.06"]
[SourceVersion "1"]
[SourceVersionDate "2021.10.06"]
[SourceQuality "1"]

1. c4 e5 2. Nc3 Nf6 3. Nf3 Nc6 4. g3 Be7 5. Bg2 d6 6. e3 Bg4 7. d3 Qd7 8. a3 a6 9. 0-0 Bh3 10. Qc2 Bxg2 11. Kxg2 Qf5 12. Nd5 Qd7 13. b4 Rc8 14. Bb2 Nxd5 15. cxd5 Na7 16. d4 c6 17. Qd3 c5 18. bxc5 dxc5 19. dxe5 c4 20. Qd2 Nb5 21. d6 Bxd6 22. Rfc1 Bb8 23. Qxd7+ Kxd7 24. a4 c3 25. Ba3 Nxa3 26. Rxa3 b5 27. axb5 axb5 28. Raxc3 b4 29. Rd3+ Ke7 30. Rb1 Rc3 31. Rd4 b3 32. Rb4 Rc5 33. R1xb3 Bxe5 34. Re4 Kf6 35. Rb6+ Kf5 36. Ra4 f6 37. Nh4+ Kg5 38. f4+ Bxf4 39. exf4+ Kh5 40. Kh3 g5 41. g4+ Kh6 42. Nf3 gxf4 43. Rxf4 Rf8 44. Rbxf6+ Rxf6 45. Rxf6+ Kg7 46. Rf5 Rc4 47. Rf7+ Kg8 48. Rb7 Rc3 49. Kg3 Rc5 50. h4 h5 51. g5 Rc4 52. Rd7 Rg4+ 53. Kf2 Rf4 54. Ke3 Ra4 55. Nd4 Ra3+ 56. Ke4 Rh3 57. Nf5 Rh1 58. g6 Re1+ 59. Kf4 Rg1 60. Rd8# 1-0

[Event "Mecklenburg VP-ch Seniors op 09th"]
[Site "Binz"]
[Date "2009.12.01"]
[Round "1.30"]
[White "Anlauf, Wolfgang"]
[Black "Rychlik, Kurt"]
[Result "0-1"]
[WhiteElo "1514"]
[BlackElo "1900"]
[PlyCount "68"]
[EventDate "2009.12.01"]
[EventType "swiss"]
[EventRounds "9"]
[EventCountry "GER"]
[SourceTitle "EXT 2022"]
[Source "ChessBase"]
[SourceDate "2021.10.06"]
[SourceVersion "1"]
[SourceVersionDate "2021.10.06"]
[SourceQuality "1"]

1. b4 e5 2. Bb2 f6 3. a3 d5 4. e3 Bd6 5. c4 c6 6. h3 Be6 7. d3 Ne7 8. Nd2 0-0 9. Ngf3 Nd7 10. c5 Bc7 11. Rc1 Qe8 12. e4 a6 13. g3 Rd8 14. Bg2 Qg6 15. Qe2 Qh6 16. h4 Bg4 17. Bh3 Bxh3 18. Rxh3 Rde8 19. Kd1 f5 20. Ng5 Qf6 21. f4 h6 22. Ngf3 Qe6 23. exd5 Nxd5 24. fxe5 f4 25. Ng1 Ne3+ 26. Ke1 Bxe5 27. Bxe5 Qxe5 28. Ne4 Nd5 29. Nf3 Qf5 30. Qg2 Ne3 31. Qh1 fxg3 32. Rxg3 Qf4 33. Qg1 Nf5 34. Kf2 Nxg3 0-1

[Event "Brandenburg-ch Seniors 17th"]
[Site "Rowy"]
[Date "2008.06.25"]
[Round "4"]
[White "Anlauf, Wolfgang"]
[Black "Gensch, Manfred"]
[Result "1/2-1/2"]
[WhiteElo "1577"]
[BlackElo "1733"]
[PlyCount "34"]
[EventDate "2008.06.23"]
[EventType "swiss"]
[EventRounds "9"]
[EventCountry "POL"]
[SourceTitle "EXT 2022"]
[Source "ChessBase"]
[SourceDate "2021.10.06"]
[SourceVersion "1"]
[SourceVersionDate "2021.10.06"]
[SourceQuality "1"]

1. b4 e5 2. Bb2 Bxb4 3. Bxe5 Nf6 4. a3 Be7 5. Nf3 d6 6. Bb2 0-0 7. e3 c5 8. c4 Bf5 9. d3 Nc6 10. e4 Bg6 11. Be2 Nd7 12. Nc3 Bf6 13. Rb1 Nb6 14. 0-0 Rb8 15. Nb5 Bxb2 16. Rxb2 f5 17. Qc2 Re8 1/2-1/2

[Event "Brandenburg-ch Seniors 17th"]
[Site "Rowy"]
[Date "2008.06.23"]
[Round "2"]
[White "Anlauf, Wolfgang"]
[Black "Rehder, Frank"]
[Result "0-1"]
[WhiteElo "1577"]
[BlackElo "1723"]
[PlyCount "60"]
[EventDate "2008.06.23"]
[EventType "swiss"]
[EventRounds "9"]
[EventCountry "POL"]
[SourceTitle "EXT 2022"]
[Source "ChessBase"]
[SourceDate "2021.10.06"]
[SourceVersion "1"]
[SourceVersionDate "2021.10.06"]
[SourceQuality "1"]

1. b4 e5 2. Bb2 d6 3. c4 g6 4. e3 Bg7 5. Nf3 Nf6 6. d3 0-0 7. Qc2 b6 8. Nbd2 Bb7 9. a4 a5 10. b5 Nbd7 11. Be2 Rc8 12. 0-0 Re8 13. Ng5 h6 14. Bf3 d5 15. Nh3 e4 16. Be2 c6 17. d4 c5 18. Qb3 Qe7 19. Nf4 cxd4 20. Bxd4 Nc5 21. Bxc5 Rxc5 22. Rac1 Rec8 23. Qa3 dxc4 24. Bxc4 g5 25. Nb3 gxf4 26. Nxc5 Rxc5 27. exf4 Qc7 28. Bb3 Bf8 29. Ba2 Qxf4 30. Qe3 Qg5 0-1